1922 1609 1073 1412 1705 1691 1525 1748 1455 1608 1565 1866 1613 1991 1378 1158 1178 1471 1609 1981 1736 1574 1223 1215 1406 1613 1152 1421 1963 1202 1488 1640 1127 1919 1994 1050 1571 1990 1946 1472 1028 1322 1563 1946 1155 1866 1508 1309 1615 1371 1128 1337 1044 1493 1532 1342 1050 1742 1408 1138 1835 1206 1509 1977 1745 1733 1769 1572 1397 1804 1030 1489 1811 1695 1918 1782 1838 1094 1504 1470 1419 1121 1272 1001 1758 1598 1953 1870 1317 1982 1397 1987 1752 1581 1153 1504 1253 1761 1319 BCNSPRNW ULIB Ver.6.0+V

เปลี่ยนเป็นภาษาไทย

Change to English
 แสดงรายละเอียดบรรณานุกรม
  กลับหน้าหลัก

Brief Record : Get Marc (ISO 2709) : E-mail record : QR code < ปิดหน้าต่าง
LEADER : 00000nam 2200000uu 4500
001    13399111831
003     ULIB
008    110627s2550||||th 000 0 tha d
020    9789747503074
090    นว.^bย213ห 2550
100 0  Yayoi
245 00 หนึ่งจันทร์กลางใจ/^cYayoi
250    พิมพ์ครั้งที่ 1
260    กรุงเทพฯ :^bแจ่มใส,^c2550
300    477 หน้า
710 1  แจ่มใส
945    ^p279^l0^i020193
995    ทศพร
999 ^a ใช้งานได้ทุกระบบ
รายการนี้ยังไม่มีแท็ก
คุณยังไม่ได้ล็อกอิน คุณสามารถมีกิจกรรมร่วมกับเว็บไซต์ได้ แต่ต้องล็อกอินก่อน ::
  ล็อกอิน

รายการสื่อสารสนเทศ

ลำดับที่ ประเภท เลขเรียก/บาร์โค้ด สถานที่ สถานะ
- ไม่พบข้อมูล -

รายการใกล้เคียง
    ผู้แต่ง [Yayoi]

BibComment


ยังไม่เคยถูกคอมเมนท์

คอมเมนท์ทรัพยากรรายการนี้
  คอมเมนท์: หนึ่งจันทร์กลางใจ..


 Copyright 2026. Bcnsprnw @Library